| 000 | 01081cam a22002771 4500 | ||
|---|---|---|---|
| 001 | agr14000099 | ||
| 003 | DLC | ||
| 005 | 20260227110936.0 | ||
| 008 | 771006s1913 dcuf f001 0 eng c | ||
| 010 | _aagr14000099 | ||
| 035 | _a(OCoLC)3321190 | ||
| 040 |
_aU.S. Dept. of agr. Library _cMnStpeG _dOCoLC _dDLC |
||
| 042 | _apremarc | ||
| 043 | _an-usu-- | ||
| 050 | 0 | 0 |
_aJK1 _b.U5 v 16 pt. 13 |
| 051 |
_aQK524.B6 _bT5 _cCopy 2 |
||
| 100 | 1 |
_aTidestrom, Ivar, _d1865- |
|
| 245 | 0 | 0 |
_aBotrychium virginianum and its forms. _bSphenoclea seylanica and Caperonia palustris in the southern United States. _cBy Ivar Tidestrom. |
| 260 |
_aWashington, _bGovt. print. off., _c1913. |
||
| 300 |
_av, 299-307 p., p. vii. _bpl. 102-103. _c24 cm. |
||
| 490 | 0 |
_aSmithsonian institution. United States national museum. Contributions from the United States national herbarium. _vv. 16, pt.13 |
|
| 500 | _a"Bulletin of the United States national museum. Issued December 29, 1913." | ||
| 650 | 0 | _aBotrychium virginianum. | |
| 650 | 0 | _aCaperonia palustris. | |
| 650 | 0 | _aSphenoclea zeylanica. | |
| 999 |
_c8283 _d8283 |
||